Statistics for Rusya'nın Şehirleri

Click here to take the quiz!

General Stats

  • This quiz has been taken 45 times
  • The average score is 4 of 20

Answer Stats

NüfusFederal BölgeŞehir% Correct
13,010,112MerkezMoskova
98%
5,601,911KuzeybatıSankt-Peterburg
66%
1,308,660VolgaKazan
44%
1,099,344GüneyKrasnodar
24%
1,142,162GüneyRostov-na-Donu
22%
1,028,036GüneyVolgograd
20%
1,228,199VolgaNijni Novgorod
15%
1,189,525UralÇelyabinsk
12%
1,633,595SibiryaNovosibirsk
12%
1,144,809VolgaUfa
12%
1,544,376UralYekaterinburg
12%
1,125,695SibiryaOmsk
10%
1,034,002VolgaPerm
10%
1,173,299VolgaSamara
10%
1,057,681MerkezVoronej
10%
1,187,771SibiryaKrasnoyarsk
7%
901,361VolgaSaratov
5%
684,709VolgaTolyatti
5%
847,488UralTümen
5%
630,877SibiryaBarnaul
2%

Score Distribution

Percentile by Number Answered

Percent of People with Each Score

Your Score History

You have not taken this quiz